Top Left Corner of Flags - Statistics

General Stats
  • This quiz has been taken 24 times
  • The average score is 16 of 24
Answer Stats
Picture Answer % Correct
United States
100%
North Korea
91%
South Africa
91%
Philippines
86%
Uruguay
86%
Malta
82%
North Macedonia
82%
East Timor
77%
Georgia
77%
Liechtenstein
77%
Greece
73%
Kazakhstan
73%
Iran
68%
Comoros
64%
Grenada
64%
Sri Lanka
64%
Turkmenistan
64%
Brunei
59%
Uganda
59%
Oman
55%
Burundi
50%
Marshall Islands
45%
Central African Republic
32%
Israel
27%
No matching quizzes found
Score Distribution
Percent of People with Each Score
Percentile by Number Answered
Your Score History
You have not taken this quiz